<?xml version="1.0" encoding="UTF-8"?><?xml-stylesheet type="text/xsl" href="static/style.xsl"?><OAI-PMH xmlns="http://www.openarchives.org/OAI/2.0/" xmlns:xsi="http://www.w3.org/2001/XMLSchema-instance" xsi:schemaLocation="http://www.openarchives.org/OAI/2.0/ http://www.openarchives.org/OAI/2.0/OAI-PMH.xsd"><responseDate>2026-06-02T04:53:29Z</responseDate><request verb="GetRecord" identifier="oai:riuma.uma.es:10630/32924" metadataPrefix="marc">https://riuma.uma.es/rest/oai/request</request><GetRecord><record><header><identifier>oai:riuma.uma.es:10630/32924</identifier><datestamp>2026-02-03T10:52:06Z</datestamp><setSpec>com_10630_2254</setSpec><setSpec>col_10630_37953</setSpec></header><metadata><record xmlns="http://www.loc.gov/MARC21/slim" xmlns:dcterms="http://purl.org/dc/terms/" xmlns:doc="http://www.lyncode.com/xoai" xmlns:xsi="http://www.w3.org/2001/XMLSchema-instance" xsi:schemaLocation="http://www.loc.gov/MARC21/slim http://www.loc.gov/standards/marcxml/schema/MARC21slim.xsd">
   <leader>00925njm 22002777a 4500</leader>
   <datafield ind2=" " ind1=" " tag="042">
      <subfield code="a">dc</subfield>
   </datafield>
   <datafield ind2=" " ind1=" " tag="720">
      <subfield code="a">Fernández-Martín, Eugenia</subfield>
      <subfield code="e">author</subfield>
   </datafield>
   <datafield ind2=" " ind1=" " tag="720">
      <subfield code="a">Trianes-Torres, Mª-Victoria</subfield>
      <subfield code="e">author</subfield>
   </datafield>
   <datafield ind2=" " ind1=" " tag="720">
      <subfield code="a">Maldonado, Enrique</subfield>
      <subfield code="e">author</subfield>
   </datafield>
   <datafield ind2=" " ind1=" " tag="720">
      <subfield code="a">Miranda-Páez, Jesús</subfield>
      <subfield code="e">author</subfield>
   </datafield>
   <datafield ind2=" " ind1=" " tag="720">
      <subfield code="a">Ortiz-Gálvez, María del Carmen</subfield>
      <subfield code="e">author</subfield>
   </datafield>
   <datafield ind2=" " ind1=" " tag="720">
      <subfield code="a">Engüix Armada, Alfredo</subfield>
      <subfield code="e">author</subfield>
   </datafield>
   <datafield ind2=" " ind1=" " tag="260">
      <subfield code="c">2015</subfield>
   </datafield>
   <datafield ind2=" " ind1=" " tag="520">
      <subfield code="a">Este estudio analiza el papel desempeñado por el estrés coti-&#xd;
diano, evaluado a través de auto-informe y de los niveles psicobiológicos,&#xd;
en relación con la función cognitiva básica a la hora de predecir el rendi-&#xd;
miento académico. La muestra está compuesta por 100 alumnos (55 niñas y&#xd;
niños de 45, con un rango de edad de 8 a 11 años) de una escuela pública&#xd;
de Málaga capital (España). El estrés diario se evaluó mediante el Inventario&#xd;
de estresores cotidianos en niños (IIEC; Trianes et al, 2009). El estrés psi-&#xd;
cobiológico se midió a través de la ratio cortisol / DHEA, derivado de va-&#xd;
rias muestras de saliva tomadas por la mañana en dos días consecutivos.&#xd;
Las habilidades cognitivas básicas se evaluaron por medio del sistema de&#xd;
evaluación cognitiva computarizada (batería CDR; Wesnes et al, 2003,&#xd;
2000). Por último, el rendimiento académico se evaluó a través del valor&#xd;
medio de las calificaciones finales registradas en el informe de la escuela del&#xd;
niño. Además de los análisis estadísticos descriptivos y correlacionales, se&#xd;
realizaron análisis de regresión múltiple con el fin de evaluar el modelo. Los&#xd;
resultados muestran que el estrés diario autopercibido por los niños, actúa&#xd;
pronosticando el rendimiento académico con mayor peso que el funciona-&#xd;
miento cognitivo básico. Por lo tanto, a fin de lograr el buen rendimiento&#xd;
escolar, un alumno no sólo requiere una buena función cognitiva básica,&#xd;
sino que también debe presentar bajos niveles de estrés cotidiano auto-&#xd;
percibido. Estos hallazgos sugieren una nueva forma de explicar y predecir&#xd;
el fracaso escolar.</subfield>
   </datafield>
   <datafield ind1="8" ind2=" " tag="024">
      <subfield code="a">Fernández-Martín et al. (2015). Psychological and psychobiological stress in the relationship between basic cognitive function and school performance. Anales de Psicología, 31(1), 120-126.</subfield>
   </datafield>
   <datafield ind1="8" ind2=" " tag="024">
      <subfield code="a">https://hdl.handle.net/10630/32924</subfield>
   </datafield>
   <datafield ind1="8" ind2=" " tag="024">
      <subfield code="a">10.6018/analesps.31.1.151451</subfield>
   </datafield>
   <datafield tag="653" ind2=" " ind1=" ">
      <subfield code="a">Estrés (Psicología)</subfield>
   </datafield>
   <datafield ind2="0" ind1="0" tag="245">
      <subfield code="a">Psychological and psychobiological stress in the relationship between basic cognitive function and school performance</subfield>
   </datafield>
</record>
</metadata></record></GetRecord></OAI-PMH>